00519 2200193 4500001002100000005001500021008004100036020002200077035001900099041000700118082000800125090001400133100001300147245007600160260003000236300003400266500001000300650001500310INLIS00000000000192420241224112436241224||||||||| | ||| |||| || |  a978-602-8442-11-4 0010-1224001924 aid0 a505 a505 KEB m0 aKebamoto00aCara Mudah Memahami Sains Sehari-hari: Nanosamo-Si Idiot Vs Profesional aJakartabFarum Kitac2009 avi, 123 hlm. : ilus, ; 19 cm. aCet.1 0aIlmu Murni